[Event "XXIII Festival A"]
[Site "Porto San Giorgio ITA"]
[Date "2011.08.22"]
[Round "2"]
[White "Piantieri, Guido"]
[Black "Chiarion, Elisa"]
[Result "0-1"]
[WhiteElo "1853"]
[BlackElo "1964"]
[PlyCount "74"]
[EventDate "2011.08.21"]

1. e4 c5 2. Nf3 d6 3. c3 Nf6 4. d3 Nc6 5. Bg5 e6 6. Be2 Be7 7. O-O O-O 8. Na3
a6 9. Nc2 d5 10. e5 Nd7 11. Bf4 b5 12. d4 c4 13. Ne3 b4 14. Bg3 bxc3 15. bxc3
Qa5 16. Qc2 f5 17. exf6 Nxf6 18. Ne5 Nxe5 19. Bxe5 Ne4 20. Bxc4 Qxc3 21. Qxc3
Nxc3 22. Bd3 Bd7 23. f4 Bb5 24. Bxb5 axb5 25. Rf2 b4 26. Rff1 Nxa2 27. f5 Bg5
28. Ng4 h5 29. Nf2 Rxf5 30. Nd3 Be3+ 31. Kh1 Rxf1+ 32. Rxf1 Ra3 33. Nc5 b3 34.
Nxe6 b2 35. Rf8+ Kh7 36. Rb8 Nb4 37. Nf8+ Kh6 0-1

[Event "XXIII Festival A"]
[Site "Porto San Giorgio ITA"]
[Date "2011.08.22"]
[Round "2"]
[White "Piccinini, Samuele"]
[Black "Mantovani, Enrico"]
[Result "0-1"]
[WhiteElo "1903"]
[BlackElo "1758"]
[PlyCount "80"]
[EventDate "2011.08.21"]

1. d4 Nf6 2. c4 e6 3. Nf3 c5 4. e3 b6 5. Bd3 Bb7 6. O-O Be7 7. Nc3 O-O 8. e4 d5
9. cxd5 exd5 10. e5 Nfd7 11. Re1 a6 12. Bf4 c4 13. Bc2 b5 14. Qe2 Nb6 15. Nd1
Nc6 16. Ne3 Nb4 17. Bb1 Bc8 18. Nf5 Na4 19. Nxe7+ Qxe7 20. Qd2 Nd3 21. Bxd3
cxd3 22. b3 Nb6 23. Qxd3 h6 24. h4 Bg4 25. Ng5 hxg5 26. hxg5 g6 27. Qg3 Qe6 28.
Qh4 Bh5 29. f3 Kg7 30. g4 Rh8 31. gxh5 Rxh5 32. Qg3 Rah8 33. Kf2 Qf5 34. e6
Rh2+ 35. Qxh2 Rxh2+ 36. Bxh2 fxe6 37. Be5+ Kf7 38. Rac1 Qxg5 39. Rc7+ Ke8 40.
Bd6 40... Qd2+ $138 0-1

[Event "XXIII Festival A"]
[Site "Porto San Giorgio ITA"]
[Date "2011.08.22"]
[Round "2"]
[White "Pierantozzi, Stanislao"]
[Black "Salami, Marco"]
[Result "1-0"]
[WhiteElo "1971"]
[BlackElo "2166"]
[PlyCount "79"]
[EventDate "2011.08.21"]

1. d4 Nf6 2. c4 e5 3. dxe5 Ne4 4. Nf3 Bb4+ 5. Nbd2 Nc6 6. a3 Nxd2 7. Bxd2 Bxd2+
8. Qxd2 Qe7 9. Qc3 b6 10. e3 Bb7 11. Be2 O-O-O 12. O-O g5 13. Rfc1 Kb8 14. c5
Rc8 15. b4 g4 16. Nd4 Nxe5 17. a4 Rhg8 18. g3 h5 19. a5 h4 20. axb6 hxg3 21.
bxc7+ Rxc7 22. fxg3 Nf3+ 23. Bxf3 gxf3 24. Kf2 Qf6 25. Nb5 Qh6 26. h4 Rcc8 27.
Qe5+ d6 28. Nxd6 Rc7 29. Nb5 Rgc8 30. Nxc7 Rxc7 31. c6 Bc8 32. b5 f6 33. Qf4
Qh5 34. Rd1 Qc5 35. Qd6 Qc2+ 36. Rd2 Qf5 37. Ra4 Qh3 38. Kxf3 Qf1+ 39. Rf2 Bg4+
40. Kxg4 1-0

[Event "XXIII Festival A"]
[Site "Porto San Giorgio ITA"]
[Date "2011.08.22"]
[Round "2"]
[White "Plances, Giuseppe"]
[Black "Consalvo, Gerardo"]
[Result "0-1"]
[WhiteElo "1734"]
[BlackElo "2012"]
[PlyCount "88"]
[EventDate "2011.08.21"]

1. d4 d5 2. c4 c6 3. Nc3 Nf6 4. cxd5 cxd5 5. Bf4 e6 6. e3 Nc6 7. Bd3 Bd7 8. a3
Qb6 9. Nge2 g6 10. O-O Bg7 11. Nb5 e5 12. dxe5 Nxe5 13. Bxe5 Bxb5 14. Bxb5+
Qxb5 15. Nd4 Qa6 16. b4 O-O 17. b5 Qb6 18. a4 Rfe8 19. a5 Qd8 20. Bg3 Rc8 21.
a6 Qd7 22. axb7 Qxb7 23. Qa4 Re7 24. Nc6 Rd7 25. Be5 Ra8 26. Qa6 Ne4 27. Bd4
Bxd4 28. Qxb7 Rxb7 29. Nxd4 Nc3 30. Ra5 Rc8 31. Rd1 Rcc7 32. Kf1 Kf8 33. Ke1
Ke8 34. f3 Kd7 35. Kd2 a6 36. bxa6 Rb2+ 37. Ke1 Nb1 38. Ne2 Rcc2 39. Raxd5+ Ke7
40. Nf4 g5 41. a7 gxf4 42. a8=Q Re2+ 43. Kf1 Rf2+ 44. Ke1 Rbe2# 0-1

[Event "XXIII Festival A"]
[Site "Porto San Giorgio ITA"]
[Date "2011.08.22"]
[Round "2"]
[White "Prohaszka, Peter"]
[Black "Ciampi, Vincenzo"]
[Result "1-0"]
[WhiteElo "2547"]
[BlackElo "2101"]
[PlyCount "75"]
[EventDate "2011.08.21"]

1. d4 e6 2. c4 b6 3. a3 Nf6 4. Nc3 d5 5. cxd5 exd5 6. Bg5 Be7 7. e3 O-O 8. Bd3
c5 9. Nge2 Bb7 10. O-O Nbd7 11. Rc1 Ne4 12. Bxe7 Qxe7 13. Nxe4 dxe4 14. Bb5 Nf6
15. dxc5 bxc5 16. Qc2 Rac8 17. h3 Rc7 18. Rfd1 Rfc8 19. Qa4 Ba8 20. Rd2 Rd8 21.
Rxd8+ Qxd8 22. Rd1 Qe7 23. Nc3 h6 24. Qa6 g6 25. a4 Kg7 26. a5 Nd7 27. Bxd7
Rxd7 28. Rxd7 Qxd7 29. Qc4 Qc6 30. Na4 Qd6 31. Qc3+ Kg8 32. Nxc5 Qd1+ 33. Kh2
Qd6+ 34. g3 h5 35. Qd4 Qe7 36. Nd7 Bc6 37. Nf6+ Kf8 38. Nd5 1-0

[Event "XXIII Festival A"]
[Site "Porto San Giorgio ITA"]
[Date "2011.08.22"]
[Round "2"]
[White "Rago, Riccardo"]
[Black "Mastroddi, Giuseppe"]
[Result "1-0"]
[WhiteElo "2065"]
[BlackElo "1732"]
[PlyCount "121"]
[EventDate "2011.08.21"]

1. e4 c5 2. Nf3 d6 3. d4 cxd4 4. Nxd4 Nf6 5. Nc3 g6 6. Be3 Bg7 7. Be2 O-O 8.
O-O Nc6 9. Nb3 a6 10. a4 Be6 11. Nd4 Nxd4 12. Bxd4 Rc8 13. f3 Bc4 14. Bxc4 Rxc4
15. Ne2 Rc8 16. c3 Qc7 17. Bf2 Qc4 18. a5 Nd7 19. Ra4 Qc7 20. Rb4 Rb8 21. Qa1
Nc5 22. Rd1 b5 23. axb6 Rxb6 24. Rxb6 Qxb6 25. b4 Qb5 26. bxc5 Qxe2 27. cxd6
exd6 28. Rxd6 Rc8 29. Qxa6 Qxa6 30. Rxa6 Bxc3 31. g4 Rd8 32. Rc6 Be5 33. Rc2
Bf4 34. Kg2 Kg7 35. Be1 Be5 36. Bc3 Bxc3 37. Rxc3 Rd7 38. Kg3 g5 39. Rb3 f6 40.
Rb6 Re7 41. h4 h6 42. hxg5 hxg5 43. Kf2 Rd7 44. Ke3 Kf7 45. f4 Ra7 46. fxg5
fxg5 47. e5 Ra4 48. Rf6+ Kg7 49. Kf3 Rb4 50. Rf5 Kg6 51. e6 Rb7 52. Ke4 Rb4+
53. Ke5 Rb5+ 54. Kd6 Rb6+ 55. Kd7 Rb7+ 56. Kd8 Rb1 57. e7 Rd1+ 58. Ke8 Kg7 59.
Rxg5+ Kf6 60. Rf5+ Ke6 61. Kf8 1-0

[Event "XXIII Festival A"]
[Site "Porto San Giorgio ITA"]
[Date "2011.08.22"]
[Round "2"]
[White "Ramundi, Lorenzo"]
[Black "Tomasini, Giovanni"]
[Result "1/2-1/2"]
[WhiteElo "1617"]
[BlackElo "1982"]
[PlyCount "48"]
[EventDate "2011.08.21"]

1. e4 Nf6 2. e5 Nd5 3. d4 d6 4. c4 Nb6 5. exd6 cxd6 6. Nf3 g6 7. Be2 Bg7 8. Nc3
O-O 9. b3 Nc6 10. Bb2 Bg4 11. d5 Bxf3 12. Bxf3 Ne5 13. Rc1 Nbd7 14. O-O Rc8 15.
Be2 Nf6 16. f4 Ned7 17. Bg4 Nxg4 18. Qxg4 Nc5 19. Qe2 a5 20. f5 Nd7 21. fxg6
hxg6 22. Ne4 Ne5 23. Bxe5 Bxe5 24. Qg4 Kg7 1/2-1/2

[Event "XXIII Festival A"]
[Site "Porto San Giorgio ITA"]
[Date "2011.08.22"]
[Round "2"]
[White "Reif, Werner"]
[Black "Di Misa, Salvatore"]
[Result "1/2-1/2"]
[WhiteElo "1848"]
[BlackElo "1957"]
[PlyCount "80"]
[EventDate "2011.08.21"]

1. d4 d5 2. Nf3 Nf6 3. Bg5 c5 4. e3 e6 5. c3 Be7 6. Bd3 Nbd7 7. Nbd2 O-O 8. O-O
b6 9. Ne5 Bb7 10. Qa4 c4 11. Bb1 Nxe5 12. dxe5 Nd7 13. Bxe7 Qxe7 14. Qc2 g6 15.
f4 f6 16. exf6 Rxf6 17. Nf3 Raf8 18. Qf2 e5 19. g3 e4 20. Nd4 Nc5 21. b4 Bc8
22. Qg2 Nd3 23. Bc2 a6 24. g4 Nxf4 25. exf4 Rxf4 26. Rxf4 Rxf4 27. h3 Qg5 28.
Rf1 Rxf1+ 29. Qxf1 Qe3+ 30. Kh2 Qxc3 31. Qf6 Qd2+ 32. Kh1 Qe1+ 33. Kh2 Qd2+ 34.
Kh1 Qxb4 35. Qd8+ Kg7 36. Qxc8 Qe1+ 37. Kh2 Qf2+ 38. Kh1 Qe1+ 39. Kh2 Qd2+ 40.
Kh1 Qc1+ 1/2-1/2

[Event "XXIII Festival A"]
[Site "Porto San Giorgio ITA"]
[Date "2011.08.22"]
[Round "2"]
[White "Renzetti, Leonardo"]
[Black "D'Aquino, Ugo"]
[Result "0-1"]
[WhiteElo "1805"]
[BlackElo "1925"]
[PlyCount "90"]
[EventDate "2011.08.21"]

1. d4 Nf6 2. Nf3 e6 3. c3 c5 4. e3 d5 5. Bd3 Bd6 6. O-O Nc6 7. Qe2 cxd4 8. exd4
O-O 9. Bg5 h6 10. Bh4 Be7 11. Nbd2 Nh5 12. Bxe7 Qxe7 13. Ne5 Nf4 14. Qf3 Nxe5
15. dxe5 Qg5 16. Rfe1 Nxg2 17. Qxg2 Qxd2 18. Qg3 Qxb2 19. Reb1 Qa3 20. Rb4 f5
21. exf6 Rxf6 22. Rg4 Qe7 23. Kg2 e5 24. Rg6 e4 25. Bc2 Rf3 26. Qd6 Qf7 27. Bb3
Rd3 28. Kh1 Bh3 29. Rd1 Kh7 30. Rdg1 Qf3+ 31. R6g2 Bxg2+ 32. Rxg2 Qf7 33. Qb4
Rc8 34. Qxe4+ dxe4 35. Bxf7 Rd1+ 36. Rg1 Rxg1+ 37. Kxg1 Rxc3 38. Bd5 e3 39.
fxe3 Rxe3 40. Bxb7 Re2 41. a4 Ra2 42. Bc6 Kg6 43. h3 Kf6 44. Kf1 Ke7 45. Ke1
Kd6 0-1

[Event "XXIII Festival A"]
[Site "Porto San Giorgio ITA"]
[Date "2011.08.22"]
[Round "2"]
[White "Ripa', Daniele"]
[Black "Paduano, Gennaro"]
[Result "1-0"]
[WhiteElo "1966"]
[BlackElo "1859"]
[PlyCount "113"]
[EventDate "2011.08.21"]

1. e4 c5 2. c3 g6 3. d4 cxd4 4. cxd4 d5 5. exd5 Nf6 6. Bb5+ Bd7 7. Bc4 Bg7 8.
Nf3 O-O 9. Nc3 Qc7 10. Bb3 Bg4 11. h3 Bxf3 12. Qxf3 Ne8 13. Bf4 Nd6 14. Be5 a6
15. O-O Nd7 16. Bxg7 Kxg7 17. Rfe1 Rae8 18. Rac1 Qb8 19. Rc2 b5 20. Qd3 Qa7 21.
g4 Nb6 22. Rce2 Qd7 23. Ne4 Nxe4 24. Qxe4 Nc8 25. Rc1 Nd6 26. Qe5+ Kg8 27. Rce1
Qa7 28. Qf4 Kg7 29. Re5 a5 30. a4 b4 31. Qe3 Nc8 32. Bc2 Qc7 33. Bd3 f6 34. Re6
Rf7 35. Rc1 Qb7 36. Ba6 Qb8 37. Bxc8 Rxc8 38. Rxc8 Qxc8 39. Rxe7 Qd8 40. Rxf7+
Kxf7 41. Qe6+ Kg7 42. d6 Kf8 43. Kg2 Kg7 44. Kf3 Qa8+ 45. Qe4 Qd8 46. Qe7+ Qxe7
47. dxe7 Kf7 48. Ke4 Kxe7 49. Kd5 Kd7 50. f4 h6 51. h4 Ke7 52. f5 h5 53. fxg6
hxg4 54. Ke4 f5+ 55. Kf4 Kf6 56. h5 b3 57. d5 1-0

[Event "XXIII Festival A"]
[Site "Porto San Giorgio ITA"]
[Date "2011.08.22"]
[Round "2"]
[White "Ruggeri, Pietro"]
[Black "Franzini, Stefano"]
[Result "0-1"]
[WhiteElo "2070"]
[BlackElo "1848"]
[PlyCount "55"]
[EventDate "2011.08.21"]

1. d4 d5 2. Nf3 Nf6 3. Bf4 c6 4. c3 Qb6 5. Qb3 Bf5 6. Nbd2 Nbd7 7. e3 h6 8. h3
e6 9. Be2 Be7 10. Ne5 Nxe5 11. Bxe5 O-O 12. g4 Bg6 13. Rg1 Nd7 14. Bf4 c5 15.
Qxb6 axb6 16. Nf3 c4 17. Ne5 Nxe5 18. dxe5 b5 19. Kd2 b4 20. h4 bxc3+ 21. Kxc3
Bxh4 22. Rh1 Be7 23. a3 b5 24. Bg3 Rfb8 25. f4 b4+ 26. axb4 Bxb4+ 27. Kd4 Rxa1
28. Rxa1 0-1

[Event "XXIII Festival A"]
[Site "Porto San Giorgio ITA"]
[Date "2011.08.22"]
[Round "2"]
[White "Saptarshi, Roy"]
[Black "Giancotti, Eraldo"]
[Result "1-0"]
[WhiteElo "2385"]
[BlackElo "2070"]
[PlyCount "43"]
[EventDate "2011.08.21"]

1. e4 e6 2. d4 d5 3. Nc3 Nf6 4. Bg5 Bb4 5. Nge2 h6 6. Bxf6 Qxf6 7. a3 Bxc3+ 8.
Nxc3 dxe4 9. Nxe4 Qh4 10. Bd3 O-O 11. g3 Qe7 12. f4 Rd8 13. Qf3 Bd7 14. O-O Bc6
15. f5 exf5 16. Qxf5 Nd7 17. Rae1 g6 18. Qf4 f5 19. Qxh6 Nf8 20. Bc4+ Bd5 21.
Nc3 Be6 22. Bxe6+ 1-0

[Event "XXIII Festival A"]
[Site "Porto San Giorgio ITA"]
[Date "2011.08.22"]
[Round "2"]
[White "Scalcione, Michelangelo"]
[Black "Sbraccia, Giovanni"]
[Result "0-1"]
[WhiteElo "2337"]
[BlackElo "2017"]
[PlyCount "126"]
[EventDate "2011.08.21"]

1. Nf3 Nf6 2. c4 c5 3. b4 cxb4 4. a3 bxa3 5. Nc3 g6 6. e4 d6 7. d4 Bg7 8. Be2
O-O 9. O-O Nc6 10. Bxa3 Bg4 11. d5 Bxf3 12. gxf3 Nh5 13. dxc6 Bxc3 14. cxb7 Rb8
15. Rb1 Nf4 16. Bc1 Be5 17. Bxf4 Bxf4 18. Kh1 Rxb7 19. Rg1 Qb8 20. Rb5 a6 21.
Rf5 Bh6 22. Rh5 Bg7 23. Ra5 Ra7 24. Qd2 Qb6 25. Bd3 Bh6 26. Qa2 Qd4 27. Rd5 Qc3
28. Be2 Rb8 29. Rd3 Qb2 30. Ra3 a5 31. Bd3 Qxa2 32. Rxa2 Bg7 33. Bc2 Bd4 34.
Ba4 Rb4 35. Bb5 a4 36. Rd1 e5 37. Kg2 Kf8 38. f4 Ke7 39. fxe5 dxe5 40. Rd3 Rb3
41. Rg3 Rxg3+ 42. hxg3 a3 43. Kf3 Bb2 44. Bc6 Ra6 45. Bd5 Rf6+ 46. Ke2 Kd6 47.
f3 g5 48. g4 Kc5 49. Ke3 Rh6 50. Bxf7 Rh2 51. Kd3 Rf2 52. Be6 Rxf3+ 53. Ke2 Rh3
54. Kd2 Kd4 55. Kc2 Rc3+ 56. Kd2 Rh3 57. Kc2 Kxe4 58. Rxb2 Rh2+ 59. Kc3 Rxb2
60. c5 Rb8 61. Ba2 Rb7 62. Bc4 Rc7 63. Kb4 Ke3 0-1

[Event "XXIII Festival A"]
[Site "Porto San Giorgio ITA"]
[Date "2011.08.22"]
[Round "2"]
[White "Somma, Andrea"]
[Black "Moroni, Luca jr"]
[Result "0-1"]
[WhiteElo "1851"]
[BlackElo "1964"]
[PlyCount "70"]
[EventDate "2011.08.21"]

1. e4 c5 2. Nf3 d6 3. d4 cxd4 4. Nxd4 Nf6 5. Nc3 a6 6. Bc4 e6 7. Bb3 Be7 8. Be3
O-O 9. Qe2 Nc6 10. O-O-O Nxd4 11. Bxd4 Qc7 12. e5 Ne8 13. f4 Bd7 14. g4 a5 15.
Ba4 Bxa4 16. Nxa4 Qc6 17. Nc3 d5 18. h4 Nc7 19. g5 b5 20. h5 b4 21. Nb1 Nb5 22.
g6 h6 23. Be3 Rac8 24. gxf7+ Rxf7 25. Rhg1 d4 26. Bxd4 Nxd4 27. Rxd4 Bc5 28.
Rc4 Be3+ 29. Qxe3 Qxc4 30. Qf2 Rxf4 31. Qd2 Rf1+ 32. Rxf1 Qxf1+ 33. Qd1 Qxd1+
34. Kxd1 Rc5 35. c3 Rxe5 0-1

[Event "XXIII Festival A"]
[Site "Porto San Giorgio ITA"]
[Date "2011.08.22"]
[Round "2"]
[White "Sorbera, Giovanni"]
[Black "Albertini, Luca"]
[Result "0-1"]
[WhiteElo "2197"]
[BlackElo "1986"]
[PlyCount "126"]
[EventDate "2011.08.21"]

1. e4 e5 2. Nf3 Nc6 3. Bb5 a6 4. Bxc6 dxc6 5. Nc3 Bd6 6. d4 Bg4 7. dxe5 Bxf3 8.
Qxf3 Bxe5 9. O-O Qf6 10. Qxf6 Nxf6 11. f3 Bd4+ 12. Kh1 Bxc3 13. bxc3 Nd7 14.
Bf4 O-O-O 15. Kg1 Nb6 16. Rfd1 Na4 17. Rd3 Rxd3 18. cxd3 Rd8 19. Rd1 Nxc3 20.
Rd2 Nb5 21. Be3 Nd4 22. Kf2 c5 23. g4 Kd7 24. f4 f6 25. h4 b6 26. Kg3 Nc6 27.
g5 Ke7 28. a3 Nd4 29. Kg4 Nb3 30. gxf6+ gxf6 31. Rd1 Rg8+ 32. Kf3 Rd8 33. h5
Nd4+ 34. Bxd4 Rxd4 35. Ke3 Rd8 36. Rg1 Kf7 37. e5 fxe5 38. fxe5 Rd7 39. h6 Ke6
40. Rg5 b5 41. Ke4 a5 42. Rg8 Rd4+ 43. Ke3 b4 44. axb4 axb4 45. Re8+ Kf7 46.
Rh8 Kg6 47. Rb8 Kxh6 48. Rb5 Rd8 49. Rxc5 Rb8 50. Rxc7 b3 51. Rc1 b2 52. Rb1
Kg5 53. Ke4 Rb5 54. d4 h5 55. Rg1+ Kh6 56. Rb1 Kg6 57. Rg1+ Kf7 58. Rb1 Rb4 59.
Kf5 h4 60. d5 h3 61. d6 Rb5 62. d7 Ke7 63. Kg6 h2 0-1

[Event "XXIII Festival A"]
[Site "Porto San Giorgio ITA"]
[Date "2011.08.22"]
[Round "2"]
[White "Splendiani, Francesco"]
[Black "Voltolini, Giuseppe"]
[Result "0-1"]
[WhiteElo "2000"]
[BlackElo "2229"]
[PlyCount "80"]
[EventDate "2011.08.21"]

1. e4 c5 2. Nf3 d6 3. Bc4 Nf6 4. d3 Nc6 5. h3 e6 6. O-O Be7 7. Re1 O-O 8. c3
Na5 9. Bb5 Bd7 10. Bxd7 Nxd7 11. Nbd2 Rb8 12. Nf1 b5 13. N3h2 b4 14. c4 Nc6 15.
f4 a5 16. Rb1 Nb6 17. Nf3 Qd7 18. Qe2 g6 19. Be3 Bf6 20. Qf2 Bg7 21. e5 dxe5
22. Bxc5 Na4 23. Bxf8 Bxf8 24. fxe5 Bc5 25. d4 Nxd4 26. Kh1 Nf5 27. Qe2 Qc6 28.
Qe4 Qc7 29. g4 Ne7 30. Qc2 Qc6 31. Kg2 Bd4 32. Kg3 Bxb2 33. Rxb2 Nxb2 34. Qxb2
Qxc4 35. Ne3 Qb5 36. Qd2 a4 37. Qd6 Rb7 38. Ng5 Rd7 39. Nxf7 Rxd6 40. Nxd6
Qxe5+ 0-1

[Event "XXIII Festival A"]
[Site "Porto San Giorgio ITA"]
[Date "2011.08.22"]
[Round "2"]
[White "Tazzioli, Luca"]
[Black "De Carlo, Fabio"]
[Result "1/2-1/2"]
[WhiteElo "1838"]
[BlackElo "2044"]
[PlyCount "53"]
[EventDate "2011.08.21"]

1. e4 c5 2. d3 g6 3. Nf3 Bg7 4. g3 Nc6 5. Bg2 d6 6. O-O Nf6 7. Nbd2 O-O 8. a4
Bd7 9. c3 a6 10. Re1 Qc7 11. Qe2 Ng4 12. h3 Nh6 13. Nf1 Rab8 14. e5 Rfe8 15.
Bf4 Nf5 16. g4 dxe5 17. Nxe5 Bxe5 18. Bxe5 Nxe5 19. Qxe5 Nd6 20. Nd2 Qb6 21.
Rab1 a5 22. Qf4 Bc6 23. Bxc6 Qxc6 24. Re5 b6 25. Rc1 Rb7 26. Ne4 Nxe4 27. Qxe4
1/2-1/2

[Event "XXIII Festival A"]
[Site "Porto San Giorgio ITA"]
[Date "2011.08.22"]
[Round "2"]
[White "Trent, Alan M."]
[Black "Dobboletta, Alex"]
[Result "0-1"]
[WhiteElo "1800"]
[BlackElo "1910"]
[PlyCount "42"]
[EventDate "2011.08.21"]

1. e4 c5 2. Nc3 Nc6 3. f4 d6 4. Nf3 g6 5. Bc4 Bg7 6. O-O e6 7. d3 Nge7 8. Qe1
O-O 9. Qh4 h6 10. f5 exf5 11. Bxh6 fxe4 12. Ng5 Nf5 13. Rxf5 Bd4+ 14. Kh1 Bxf5
15. Bxf8 Kxf8 16. Nd5 a5 17. Re1 b5 18. dxe4 Be6 19. h3 Bf2 20. Qxf2 Qxg5 21.
Nf6 Ke7 0-1

[Event "XXIII Festival A"]
[Site "Porto San Giorgio ITA"]
[Date "2011.08.22"]
[Round "2"]
[White "Tribuiani, Renato"]
[Black "Vezzosi, Paolo"]
[Result "0-1"]
[WhiteElo "2029"]
[BlackElo "2355"]
[PlyCount "53"]
[EventDate "2011.08.21"]

1. d4 Nf6 2. Nc3 c5 3. Bg5 cxd4 4. Bxf6 gxf6 5. Qxd4 Nc6 6. Qh4 f5 7. e4 fxe4
8. Bc4 Bg7 9. Nge2 O-O 10. Qxe4 e6 11. Bd3 f5 12. Qa4 d5 13. g4 Bd7 14. g5 Nd4
15. Qb4 Nf3+ 16. Kf1 d4 17. Nd1 Bc6 18. h4 Re8 19. Bb5 Qd5 20. Bxc6 Qxc6 21.
Rh3 Rad8 22. Qa3 Nd2+ 23. Ke1 Nc4 24. Qd3 Ne5 25. Qb3 Qg2 26. f4 d3 27. Rxd3
0-1

[Event "XXIII Festival A"]
[Site "Porto San Giorgio ITA"]
[Date "2011.08.22"]
[Round "2"]
[White "Viaggi, Stefano"]
[Black "Gilevych, Artem"]
[Result "1/2-1/2"]
[WhiteElo "2010"]
[BlackElo "2264"]
[PlyCount "40"]
[EventDate "2011.08.21"]

1. d4 Nf6 2. Nf3 d5 3. c3 e6 4. Bf4 c5 5. e3 Nc6 6. Nbd2 Bd6 7. Bg3 O-O 8. Bd3
Qe7 9. Ne5 Nd7 10. Nxd7 Bxd7 11. Bxd6 Qxd6 12. dxc5 Qxc5 13. Bxh7+ Kxh7 14.
Qh5+ Kg8 15. Ne4 Qc4 16. Ng5 Rfd8 17. Qxf7+ Kh8 18. Qh5+ Kg8 19. Qf7+ Kh8 20.
Qh5+ Kg8 1/2-1/2

[Event "XXIII Festival A"]
[Site "Porto San Giorgio ITA"]
[Date "2011.08.22"]
[Round "2"]
[White "Villani, Cristian"]
[Black "Suvrajit, Saha"]
[Result "0-1"]
[WhiteElo "2056"]
[BlackElo "2362"]
[PlyCount "80"]
[EventDate "2011.08.21"]

1. Nf3 d5 2. d4 Nf6 3. c4 c6 4. Nc3 dxc4 5. a4 Bf5 6. Nh4 Bc8 7. Nf3 Bf5 8. Nh4
Bd7 9. g3 Qa5 10. Bd2 Qh5 11. e4 Qxd1+ 12. Rxd1 e5 13. dxe5 Ng4 14. Bxc4 Nxe5
15. Be2 Bh3 16. Be3 Nbd7 17. f3 f6 18. Kf2 a5 19. g4 h5 20. Kg3 hxg4 21. fxg4
g5 22. Nf5 Rh7 23. Rd2 Bc5 24. Rhd1 Bxe3 25. Nxe3 O-O-O 26. Nc4 Rdh8 27. Nxa5
Rh4 28. Rxd7 Nxd7 29. Nc4 Kc7 30. b4 f5 31. gxf5 Bxf5 32. exf5 Rh3+ 33. Kg4
Rxc3 34. Kxg5 Rxh2 35. Bf1 Rg3+ 36. Kf4 Rg1 37. Kf3 Rh4 38. Kf2 Rxf1+ 39. Kxf1
Rxc4 40. b5 Rxa4 0-1

[Event "XXIII Festival A"]
[Site "Porto San Giorgio ITA"]
[Date "2011.08.22"]
[Round "2"]
[White "Vincenzi, Marco"]
[Black "Banusz, Tamas"]
[Result "0-1"]
[WhiteElo "2108"]
[BlackElo "2554"]
[PlyCount "88"]
[EventDate "2011.08.21"]

1. e4 e5 2. Nf3 Nc6 3. Nc3 Nf6 4. Bb5 Bd6 5. O-O O-O 6. d4 exd4 7. Nxd4 Nxd4 8.
Qxd4 Qe7 9. Nd5 Nxd5 10. exd5 Be5 11. Qe3 Qf6 12. Rb1 c6 13. Bd3 cxd5 14. Qg5
d6 15. Qxf6 Bxf6 16. Re1 Be5 17. Bg5 Bd7 18. c3 h6 19. Be3 b5 20. f4 Bf6 21.
Bd4 Bxd4+ 22. cxd4 Rac8 23. Re7 Rfd8 24. Rbe1 Kf8 25. a3 a5 26. Kf2 a4 27. R7e2
b4 28. axb4 Rb8 29. b5 Bxb5 30. Bxb5 Rxb5 31. Rd2 Rdb8 32. Ree2 g6 33. g4 Kg7
34. h4 Kf6 35. Rc2 h5 36. gxh5 gxh5 37. Rc6 R8b6 38. Rxb6 Rxb6 39. Ke1 Rb4 40.
Rd2 Kf5 41. Kd1 Kxf4 42. Kc2 Kg4 43. Kc3 Rb3+ 44. Kc2 f5 0-1

[Event "XXIII Festival A"]
[Site "Porto San Giorgio ITA"]
[Date "2011.08.22"]
[Round "2"]
[White "Viviani, Alessio"]
[Black "Peron, Davide"]
[Result "1-0"]
[WhiteElo "1958"]
[BlackElo "1850"]
[PlyCount "35"]
[EventDate "2011.08.21"]

1. d4 Nf6 2. c4 e6 3. Nc3 Bb4 4. e3 O-O 5. Bd3 d5 6. Nge2 c5 7. a3 Bxc3+ 8.
bxc3 Qc7 9. O-O cxd4 10. cxd5 dxe3 11. d6 exf2+ 12. Rxf2 Qc5 13. Ng3 Qxc3 14.
Bb2 Qc5 15. Rc1 Qb6 16. Bxf6 gxf6 17. Qh5 f5 18. Qg5+ 1-0

[Event "XXIII Festival A"]
[Site "Porto San Giorgio ITA"]
[Date "2011.08.22"]
[Round "2"]
[White "Vuelban, Virgilio"]
[Black "Mazzarella, Antonio"]
[Result "1-0"]
[WhiteElo "2357"]
[BlackElo "2028"]
[PlyCount "59"]
[EventDate "2011.08.21"]

1. e4 e6 2. d4 d5 3. Nc3 Nf6 4. Bg5 Be7 5. e5 Nfd7 6. Bxe7 Qxe7 7. Nb5 Nb6 8.
a4 a6 9. a5 axb5 10. axb6 Rxa1 11. Qxa1 c6 12. Qa8 O-O 13. Qxb8 Qb4+ 14. c3
Qxb2 15. Ne2 b4 16. cxb4 Qxb4+ 17. Kd1 c5 18. Qd6 Qa4+ 19. Kd2 cxd4 20. Nc1 f6
21. Bd3 fxe5 22. Bxh7+ Kxh7 23. Qxf8 Bd7 24. Qc5 Bb5 25. Qc2+ e4 26. Qxa4 Bxa4
27. Ne2 e5 28. Rc1 Bb5 29. Rc7 Ba6 30. Re7 1-0

[Event "XXIII Festival A"]
[Site "Porto San Giorgio ITA"]
[Date "2011.08.22"]
[Round "2"]
[White "White, Kevin D."]
[Black "Romanishin, Oleg M."]
[Result "0-1"]
[WhiteElo "2104"]
[BlackElo "2526"]
[PlyCount "50"]
[EventDate "2011.08.21"]

1. c4 e5 2. g3 Nf6 3. Bg2 d5 4. cxd5 Nxd5 5. Nc3 Nb6 6. Nf3 Nc6 7. O-O Be7 8.
d3 O-O 9. Be3 Bg4 10. Nd2 Qd7 11. Nb3 Bh3 12. Nc5 Bxc5 13. Bxc5 Bxg2 14. Kxg2
Rfe8 15. Qc2 Nd4 16. Bxd4 exd4 17. Ne4 Re5 18. Rae1 Rae8 19. Qd1 h6 20. e3 dxe3
21. Rxe3 f5 22. Nc3 Rxe3 23. fxe3 Rxe3 24. Qh5 Rxd3 25. Qxf5 Rd2+ 0-1

[Event "XXIII Festival A"]
[Site "Porto San Giorgio ITA"]
[Date "2011.08.22"]
[Round "2"]
[White "Zamengo, Bruno"]
[Black "Martorelli, Angelo"]
[Result "1-0"]
[WhiteElo "1936"]
[BlackElo "1812"]
[PlyCount "101"]
[EventDate "2011.08.21"]

1. e4 e6 2. d4 d5 3. e5 c5 4. c3 c4 5. b3 b5 6. a4 bxa4 7. bxc4 dxc4 8. Qxa4+
Bd7 9. Qxc4 Nc6 10. Nf3 Rc8 11. Qa2 Nge7 12. Ba6 Nb4 13. Qb2 Nxa6 14. Rxa6 Rb8
15. Qa2 Nc8 16. c4 Qc7 17. Nbd2 Bb4 18. Ra3 Bxa3 19. Bxa3 Bc6 20. Bc5 a5 21.
O-O Ra8 22. Ng5 Ne7 23. Qa3 h6 24. Nge4 Bxe4 25. Nxe4 Nc8 26. Qg3 f5 27. Nc3
Kf7 28. Nb5 Qd7 29. Ra1 a4 30. Qf3 Ra6 31. Qd1 a3 32. Rxa3 Rc6 33. Qa4 Rd8 34.
Qb4 Kg8 35. f4 Qf7 36. h3 Qh5 37. Ra1 Qe2 38. Re1 Qd3 39. Nd6 Kh7 40. Qb7 Rcxd6
41. exd6 Nxd6 42. Qc7 Ra8 43. Qxd6 Qg3 44. Qxe6 Ra2 45. Qxf5+ Qg6 46. Qxg6+
Kxg6 47. Bd6 Ra4 48. Rc1 Kf5 49. Be5 g5 50. fxg5 hxg5 51. c5 1-0

[Event "XXIII Festival A"]
[Site "Porto San Giorgio ITA"]
[Date "2011.08.22"]
[Round "2"]
[White "Zamengo, Fulvio"]
[Black "Calavalle, Giulio"]
[Result "1-0"]
[WhiteElo "2007"]
[BlackElo "2239"]
[PlyCount "133"]
[EventDate "2011.08.21"]

1. e4 c5 2. Nf3 Nc6 3. d4 cxd4 4. Nxd4 Nf6 5. Nc3 d6 6. Be2 e6 7. O-O e5 8. Nf3
Be6 9. a4 Be7 10. Nd2 Nd4 11. Nc4 Rc8 12. Ne3 O-O 13. Bd3 Qd7 14. Ncd5 Nxd5 15.
exd5 Bf5 16. Nxf5 Nxf5 17. Qg4 g6 18. f4 Rfd8 19. fxe5 Ng7 20. Qxd7 Rxd7 21.
exd6 Bxd6 22. c4 Bc5+ 23. Kh1 Ne8 24. Bd2 Bd4 25. Rab1 Nd6 26. b3 b6 27. Rfe1
Rb7 28. Rbc1 Rd7 29. Be3 Bxe3 30. Rxe3 a5 31. Rce1 Rcc7 32. Kg1 Kg7 33. Kf2 Nb7
34. Kf3 Nc5 35. Bc2 Nb7 36. Re8 Nc5 37. Kf4 Nxa4 38. Rb8 Rd6 39. Ke5 Rdd7 40.
Kd4 Nc5 41. Rxb6 Ne6+ 42. Ke3 Nc5 43. Ra1 Nb7 44. Rxb7 Rxb7 45. Rxa5 f5 46. Kd4
Kf7 47. c5 Rb4+ 48. Ke5 Re7+ 49. Kd6 Rd4 50. c6 Rd2 51. Rc5 Re6+ 52. Kc7 Ree2
53. d6 Ke6 54. d7 Ke7 55. Bxf5 gxf5 56. Rxf5 Rxg2 57. b4 Rxh2 58. b5 h6 59. b6
Rxd7+ 60. cxd7 Rc2+ 61. Kb8 Kxd7 62. b7 Rb2 63. Rf7+ Ke6 64. Rh7 Rh2 65. Kc8
Rc2+ 66. Rc7 Rb2 67. Rc6+ 1-0